000 00440 a2200145 4500
999 _c6550
_d6550
020 _a0958467382
050 _aPL8771 RAM 2003
100 _aPandelani, Rambebu
245 _aKha ri ditongise:
_bBugu ya mugudi ya luambo lwa lwa hayani gireidi 5 /
_cPandelani Rambebu; Dr Nkhelebeni Phaswana
264 _aThohoyandou
_bKalahari
_c2003
300 _a88p. ;
500 _aVenda
650 _aVenda literature
942 _2lcc
_cBK
_h8771
_iRAM
_k2003